| 000 | 00871nam a22002657a 4500 | ||
|---|---|---|---|
| 001 | 3909 | ||
| 003 | FISKH | ||
| 005 | 20240524154009.0 | ||
| 008 | 240523b cb ||||| |||| 00| 0 eng d | ||
| 040 |
_aFISK _beng _cFISK _dFISK |
||
| 050 | _aPZ7.S41267 | ||
| 082 | _a813.54 | ||
| 100 |
_aScieszka Jon _d1954- |
||
| 245 |
_aThe knights of the kitchen table / _bThe time warp trio _cby Jon Scieszka |
||
| 260 |
_aNew York : _bPuffin Books , _c1993 |
||
| 300 |
_a55 pages : _billustrations ; _c20 cm |
||
| 490 | _v1 number | ||
| 505 | _aK | ||
| 520 | _aWhen Joe, Fred, and Sam are sent back in time by a magic book, they find themselves face-to-face with giants, dragons, wizards, and the Knights of the Round Table. | ||
| 521 | 8 |
_a540
_bLexile estimate |
|
| 521 | 8 |
_aK _bRaz-Plus |
|
| 700 | _aJon Scieszka | ||
| 942 |
_2ddc _cBK _n0 |
||
| 999 |
_c3909 _d3909 |
||